| 000 | 00382nam a22001457a 4500 | ||
|---|---|---|---|
| 005 | 20250609142148.0 | ||
| 008 | 250609b |||||||| |||| 00| 0 eng d | ||
| 020 | _a031809019993 | ||
| 050 |
_aBT887 _bLAH |
||
| 100 | _aLAHAYE TIM | ||
| 245 | _aARE WE LIVING IN THE END TIMES? | ||
| 260 |
_aILLINOIS _bTYNDALE HOUSE PUBLISHERS, INC. _cc1999 |
||
| 300 | _axi, 371p | ||
| 942 |
_2lcc _cBK _n0 |
||
| 999 |
_c6356 _d6356 |
||